000 00419nam a2200181Ia 4500
001 14950
005 20260306164952.0
008 260306t2007||||xx |||||||||||||| ||spa||
041 _aESP
082 _a519.5
_bS78C
100 _aStataCorp
_eAUT
245 0 _aStata Quick reference and index
260 _c2007
300 _a141 páginas :
_c23 cm.
650 _aGEN
654 _aCMA
942 _cLIB
_dJUS
_fJUS
_2ddc
_n
999 _c14950
_d14950